000 00941nam a2200241 a 4500
005 20200104041757.0
008 170621s2013 ck ao|||r|||| 00| 0 spa d
020 _a9789588554273
040 _aCO-BoIAVH
_cCO-BoIAVH
041 0 _aspa
044 _ack
082 0 4 _a918.04
_bT86t
100 1 _aTrujillo, Fernando
_eautor
245 1 0 _aTurismo fluvial en la Amazonía :
_bprincipales atractivos /
_cFernando Trujillo, Antje Chiu Werner y José Saulo Usma O.
260 _aBogotá (Colombia) :
_bFundación Omacha :
_bWWF,
_c2013.
300 _a112 páginas :
_bilustraciones a color y fotografías a color ;
_c20 x 22 cm.
650 2 6 _aTurismo
_zAmazonía (Región, América del Sur)
651 6 _aAmazonía (Región, América del Sur)
_xEcoturismo
700 1 _aChiu-Werner, Antje
_eautor
700 1 _aUsma Oviedo, José Saulo
_eautor
710 2 _aFundación Omacha
942 _2ddc
_cLIBRO
999 _c19676
_d19676